00293nam a2200133Ia 4500100001700000650001400017366000700031654001400038245003400052260002900086082001300115300000800128546002300136 aMahajan/M.S  aMetrology f14 ametrology aMetrology and quality control bDhanpat Rai & Sonsc2015 a620bMAH a368 aENGLISHcInfo.Tech